DOWN ON THE FUNNY FARM (Record no. 8790)
[ view plain ]
| 000 -LEADER | |
|---|---|
| fixed length control field | 00257nam a22001097a 4500 |
| 082 ## - DEWEY DECIMAL CLASSIFICATION NUMBER | |
| Classification number | 823 |
| Item number | KIN/D |
| 100 ## - MAIN ENTRY--AUTHOR NAME | |
| Personal name | KING, D E |
| 245 ## - TITLE STATEMENT | |
| Title | DOWN ON THE FUNNY FARM |
| 246 ## - VARYING FORM OF TITLE | |
| Title proper/short title | DOWN ON THE FUNNY FARM |
| Remainder of title | DOWN ON THE FUNNY FARM |
| 650 ## - SUBJECT ADDED ENTRY--TOPICAL TERM | |
| Topical Term | ENGLISH STORY |
| 942 ## - ADDED ENTRY ELEMENTS (KOHA) | |
| Koha item type | Books |
| Withdrawn status | Lost status | Collection code | Home library | Current library | Date acquired | Source of acquisition | Cost, normal purchase price | Full call number | Accession Number | Koha item type |
|---|---|---|---|---|---|---|---|---|---|---|
| Lost | Fiction | Main Library | Main Library | 11/03/2002 | PURCHASED | 148.00 | 823 KIN/D | 00574 | Books |